Wszystkie grywalne postacie w Tekkenie (1995-2017) - Statystyki

Ogólne statystyki
  • Ten quiz został rozwiązany 136 razy
  • Średni wynik to 43 z 89
Statystyki odpowiedzi
Postacie % Poprawnych
Dodany w T3 Jin
91%
Dodany w T1 Heihachi
84%
Dodany w T1 Kazuya
84%
Dodany w T1 King
84%
Dodana w T1 Paul
84%
Dodana w T3 Panda
83%
Dodany w T2 Devil
79%
Dodana w T5 Asuka
77%
Dodany w T3 Eddy
74%
Dodany w T1 Jack
74%
Dodany w T1 Kuma
74%
Dodana w T1 Nina
73%
Dodany w T1 Yoshimitsu
73%
Dodany w T1 Lee
71%
Dodana w T1 Anna
70%
Dodana w T6/BR Lars
67%
Dodany w T1 Armor King
66%
Dodany w T3 Bryan
64%
Dodany w T5, Ale grywalny w TTT2 Jinpachi
64%
Dodana w T2 Jun
64%
Dodany w T3 Kuma II
64%
Dodany w T5 Raven
64%
Dodany w T4 Steve
64%
Dodany w T5 Devil Jin
63%
Dodany w T3 Hwoarang
63%
Dodany w T1 Marshall Law
63%
Dodana w T3 Xiaoyu
63%
Dodany w T2 Lei
61%
Dodany w T3 Ogre
60%
Dodana w T3 Julia
59%
Dodana w T6/BR Alisa
56%
Dodany w T6/BR Bob
54%
Dodany w T5DR Dragunov
54%
Dodana w T5DR Lili
54%
Dodany w T2 Roger
54%
Dodany w T5 Roger Jr
54%
Dodany w T1 Ganryu
53%
Dodany w T3 Mokujin
53%
Dodany w T7/FR Akuma
51%
Dodana w T4 Christie
51%
Dodana w T7/FR Lidia
50%
Dodany w T2 Bruce
49%
Dodany w T2 Jack 2
49%
Dodany w T5 Feng
47%
Dodany w T6/BR Miguel
47%
Dodany w T5 Jack-5
47%
Dodana w T6/BR Leo
47%
Dodany w T1 Wang
47%
Dodana w T6/BR Zafina
47%
Dodany w T2 Baek
46%
Dodany w T3 Gon
46%
Dodany w T6/BR Jack-6
44%
Dodany w T7/FR Jack-7
44%
Dodana w T2 Angel
43%
Dodany w T3 Forest Law
43%
Dodana w T1 Michelle
41%
Dodany w T4 Craig Marduk
39%
Dodana w T1 Kunimitsu
39%
Dodana w T7/FR Master Raven
39%
Dodany w T3 Gun Jack
37%
Dodany w T3 True Ogre
37%
Dodany w T3 Dr. Bosconovitch
36%
Dodana w T7/FR Kazumi
36%
Dodana w TTT Unknown
34%
Dodany w T2 Alex
33%
Dodany w T7/FR Claudio
31%
Dodana w T7/FR Katarina
31%
Dodany w T7/FR Shaheen
31%
Dodana w T7/FR Lucky Chloe
30%
Dodany w T4 Violet
30%
Dodana w TR Eliza
29%
Dodana w T7/FR Josie
29%
Dodany w TTT2 Slim Bob
29%
Dodany w T3 Tiger
29%
Dodany w T4 Combot
27%
Dodany w T7/FR Leroy
27%
Dodany w T7/FR Negan
27%
Dodany w T7/FR Noctis
26%
Dodany w T1 P. Jack
26%
Dodany w T7/FR Gigas
24%
Dodana w TTT2 Jaycee
21%
Dodany w T7/FR Fahkumram
20%
Dodany w TTT2 Sebastian
19%
Dodany w TTT Tetsujin
19%
Dodany w T7/FR Geese
17%
Dodany w T3 King II
14%
Dodana w T4 Miharu
14%
Dodany w T5DR Armor King II
11%
Dodany w TR Kinjin
9%
Nie znaleziono quizów pasujących do podanych kryteriów
Rozkład punktacji
Procent ludzi z każdym wynikiem
Percentyl według liczby udzielonych odpowiedzi
Twoja historia wyników
Nie rozwiązałeś tego quizu